Más allá del tercer mundo: globalidad imperial, colonialidad global y movimientos sociales anti-globalización /
Gorde:
| Egile nagusia: | |
|---|---|
| Beste egile batzuk: | |
| Formatua: | Texto |
| Gaiak: | |
| Etiketak: |
Etiketa erantsi
Etiketarik gabe, Izan zaitez lehena erregistro honi etiketa jartzen!
|
MARC
| LEADER | 00000 a a2200000 04500 | ||
|---|---|---|---|
| 001 | 10152 | ||
| 003 | |||
| 040 | |||
| 100 | |a Escobar, Arturo | ||
| 245 | |a Más allá del tercer mundo: |b globalidad imperial, colonialidad global y movimientos sociales anti-globalización / |c Arturo Escobar | ||
| 500 | |a Traducción y edición de un texto más extenso | ||
| 650 | |a IMPERIALISMO | ||
| 650 | |a MODERNIZACION | ||
| 650 | |a GLOBALIZACION | ||
| 650 | |a MOVIMIENTOS SOCIALES | ||
| 700 | |a Restrepo U, Eduardo. | ||
| 773 | |g número 20; páginas 86-100 | ||
| 999 | |c 24853 |d 24853 | ||
